| 000 | 00846nam a2200217Ia 4500 | ||
|---|---|---|---|
| 003 | GCL | ||
| 008 | 140319s9999 xx 000 0 ara d | ||
| 040 |
_aGCL / _cGCL |
||
| 082 | 0 | 4 |
_a346.02 _bا ح |
| 100 | 1 | _aاشرف توفيق شمس الدين | |
| 245 | 1 | 0 |
_aالحماية الجنائية للمستند الالكترونى : _bدراسة مقارنة / _cاشرف توفيق شمس الدين |
| 250 | _aالاولى | ||
| 260 |
_aالقاهرة : _bدار النهضة العربية ، _c2006 |
||
| 300 |
_a195 ص ؛ _c24 سم |
||
| 650 | 0 | 4 | _aالقانون المدنى |
| 650 | 0 | 4 | _aالتوقيع الالكترونى |
| 650 | 0 | 4 | _aجرائم الانترنت |
| 650 | 0 | 4 | _aالعقود الالكترونية - بطلان |
| 650 | 0 | 4 | _aالتوقيع الالكترونى - قوانين وتشريعات |
| 942 |
_2ddc _cBK |
||
| 999 |
_c8615 _d8615 |
||